000 00414nam a2200181Ia 4500
005 20240823063129.0
008 240823s9999||||xx |||||||||||||| ||und||
041 _aENGLISH
082 _A629.222 N6
100 _aGiri N K
245 0 _aAutomobile Mechanics
250 _a7th
260 _c1996
_b"Khanna,Delhi"
500 _aTRANSFERED
650 _aAutomobile
_bMechanical
942 _cBK
999 _c237516
_d237516